| LEADER | 00816cam a2200265 4500 | ||
|---|---|---|---|
| 001 | u88014 | ||
| 003 | SIRSI | ||
| 008 | 900219s1987 si v 0 eng | ||
| 035 | |a AAJ-5894 | ||
| 040 | |a UMM | ||
| 050 | 1 | |a B491.E7 | |
| 090 | |a B491 |b E7Cha | ||
| 100 | 1 | 0 | |a Chan, David Kum Wah. |
| 245 | 1 | 0 | |a Weakness of will : |b the Aristotelian account and beyond / |c David Chan Kum Wah. |
| 260 | |c 1987. | ||
| 300 | |a 150 leaves ; |c 30cm. | ||
| 502 | |a Dissertation (M.A.) -- National University of Singapore, 1987. | ||
| 504 | 0 | 0 | |a Includes bibliographies. |
| 600 | 0 | 0 | |a Aristotle |x Ethics. |
| 650 | 0 | |a Ethics, Ancient. | |
| 650 | 0 | |a Reason |x History. | |
| 650 | 0 | |a Will. | |
| 948 | |a 17/03/1991 |b 11/09/1998 | ||
| 596 | |a 1 | ||
| 999 | |a B491 E7CHA |w LC |c 1 |i A505639732 |d 21/8/2009 |e 21/8/2009 |l STACKS |m P01UTAMA |n 1 |r Y |s Y |t TESIS |u 9/10/1991 | ||
